| 000 | 00548nam a2200217 a 4500 | ||
|---|---|---|---|
| 001 | 20035 | ||
| 003 | CO-ViMGA | ||
| 008 | 141112s2004 ck r 000 u spa d | ||
| 020 | _a8495501600 | ||
| 040 |
_aCO-ViMGA _bspa _cCO-ViMGA |
||
| 082 | 0 | 4 | _a813.5 G673c |
| 100 | 1 |
_aGordon, Noah _929077 |
|
| 245 | 1 | 0 | _aChaman |
| 250 | _a27 | ||
| 260 |
_aEspaña : _bSantillana, _c2001 |
||
| 300 | _a902 p. | ||
| 490 | _aPunto de lectura | ||
| 590 | _aForma de adquisición : Premio Mincultura | ||
| 650 | 1 | 4 |
_aNOVELA ESTADOUNIDENSE _9761 |
| 942 |
_2ddc _cBK |
||
| 999 |
_c29150 _d29150 |
||